| 000 | 00751cam a22001938i 4500 | ||
|---|---|---|---|
| 020 | _a9781603587259 | ||
| 020 | _a160358725X | ||
| 040 | _cAGL | ||
| 082 | 0 | 0 | _a338 CAR 2005 A069 Or. |
| 100 | 1 | _aLogsdon, Gene | |
| 245 | 1 | 0 |
_aLetter to a young farmer : _bhow to live richly without wealth on the new garden farm / |
| 246 | 3 | 0 | _aHow to live richly without wealth on the new garden farm |
| 300 |
_axiv, 210 pages ; _c23 cm |
||
| 520 | _aIn his final book of essays - completed just weeks before he died - self-described "contrary farmer" Gene Logsdon addresses the next generation of small-scale "garden farmers" seeking a better way of life.--COVER. | ||
| 650 | 0 | _aAgriculture | |
| 650 | 0 | _aFarm life | |
| 700 | 1 | _aBerry, Wendell, | |
| 942 | _cEK | ||
| 999 |
_c14637 _d14637 |
||